[Event "DEN-ch Kort 1-3"]
[Site "Svendborg"]
[Date "2019.04.15"]
[Round "4"]
[White "Nielsen, Pia"]
[Black "Knudsen, Tage"]
[Result "1/2-1/2"]
[WhiteElo "1327"]
[BlackElo "1558"]
[PlyCount "118"]
[EventDate "2019.04.13"]
[EventType "swiss"]
[EventRounds "5"]
[EventCountry "DEN"]
[SourceTitle "EXT 2023"]
[Source "ChessBase"]
[SourceDate "2022.10.05"]
[SourceVersion "1"]
[SourceVersionDate "2022.10.05"]
[SourceQuality "1"]

1. Nf3 Nc6 2. c4 e5 3. Nc3 Bc5 4. Ne4 Be7 5. d3 f5 6. Neg5 h6 7. Nh3 g5 8. Nd2 g4 9. e3 Nf6 10. Ng1 d6 11. g3 d5 12. Bg2 e4 13. d4 Bd7 14. c5 b6 15. Nb3 Nb4 16. Bf1 Ba4 17. Qd2 Nc6 18. Ne2 Bxb3 19. axb3 bxc5 20. Nf4 cxd4 21. Qc2 Bb4+ 22. Bd2 Bxd2+ 23. Qxd2 dxe3 24. fxe3 Qd6 25. Bb5 0-0 26. Bxc6 Qxc6 27. 0-0 Kh7 28. Rac1 Qd6 29. Rxc7+ Qxc7 30. Ne6 Qe5 31. Nxf8+ Rxf8 32. Ra1 Qc7 33. Qb4 Rf7 34. Qd4 Qb6 35. Qxb6 axb6 36. Ra8 Rb7 37. Rc8 h5 38. b4 Kg7 39. Kf2 Rd7 40. Ke2 Rd6 41. b5 Kf7 42. b4 Ke6 43. Kd2 Kd7 44. Rh8 d4 45. exd4 Rxd4+ 46. Kc3 Rd6 47. Ra8 e3 48. Ra1 Ne4+ 49. Kc4 Nd2+ 50. Kc3 Nf3 51. Ra7+ Ke6 52. Ra2 Rd2 53. Ra8 Kd7 54. Ra7+ Kd6 55. Ra8 e2 56. Re8 Rd3+ 57. Kc4 e1Q 58. Rxe1 Nxe1 59. h4 gxh3 1/2-1/2

[Event "DEN-ch Kort 1-3"]
[Site "Svendborg"]
[Date "2019.04.14"]
[Round "3"]
[White "Knudsen, Tage"]
[Black "Henriksen, Ole"]
[Result "1/2-1/2"]
[WhiteElo "1558"]
[BlackElo "1559"]
[PlyCount "52"]
[EventDate "2019.04.13"]
[EventType "swiss"]
[EventRounds "5"]
[EventCountry "DEN"]
[SourceTitle "EXT 2023"]
[Source "ChessBase"]
[SourceDate "2022.10.05"]
[SourceVersion "1"]
[SourceVersionDate "2022.10.05"]
[SourceQuality "1"]

1. d4 d5 2. c4 c6 3. cxd5 cxd5 4. Nf3 Nf6 5. e3 e6 6. Bb5+ Bd7 7. Qa4 a6 8. Bxd7+ Nbxd7 9. Nc3 b5 10. Qd1 Be7 11. a3 0-0 12. 0-0 Rc8 13. Qd3 Rc6 14. h3 Qb8 15. Bd2 Rfc8 16. b4 Bd6 17. Rfc1 Rc4 18. Rab1 Qb7 19. Qe2 e5 20. dxe5 Nxe5 21. Nd4 Qd7 22. f4 Nc6 23. Qd3 Nxd4 24. exd4 Qa7 25. Qf3 Qb7 26. Qf2 Qb6 1/2-1/2

[Event "DEN-ch G5-1"]
[Site "Svendborg"]
[Date "2016.03.20"]
[Round "2"]
[White "Ottesen, Soren Rud"]
[Black "Knudsen, Tage"]
[Result "1/2-1/2"]
[WhiteElo "1725"]
[BlackElo "1422"]
[PlyCount "190"]
[EventDate "2016.03.19"]
[EventType "swiss"]
[EventRounds "5"]
[EventCountry "DEN"]
[SourceTitle "EXT 2023"]
[Source "ChessBase"]
[SourceDate "2022.10.05"]
[SourceVersion "1"]
[SourceVersionDate "2022.10.05"]
[SourceQuality "1"]

1. e4 e5 2. Nf3 Nc6 3. Bc4 Bc5 4. b4 Bxb4 5. c3 Bc5 6. d4 exd4 7. 0-0 h6 8. cxd4 Bb6 9. Qb3 Qe7 10. Ba3 d6 11. e5 Nxd4 12. Nxd4 Bxd4 13. exd6 cxd6 14. Nc3 Bxc3 15. Qxc3 Nf6 16. Rfe1 Be6 17. Qb3 0-0 18. Bxe6 fxe6 19. Rxe6 Qf7 20. Rae1 Kh8 21. Bxd6 Rfe8 22. Be7 Rac8 23. h3 Rc6 24. Rxc6 Qxb3 25. axb3 bxc6 26. Kf1 Nd5 27. Bc5 Rxe1+ 28. Kxe1 a6 29. g3 Kg8 30. h4 Nc3 31. Bd4 Nb5 32. Be5 h5 33. Kd2 g6 34. Kd3 Kf7 35. Kc4 Ke6 36. f4 Kd7 37. Kc5 Nc7 38. Kb6 Nd5+ 39. Kxa6 Ne3 40. Bd4 Nf5 41. Bf2 Kd6 42. b4 Kc7 43. Ka7 Kd7 44. Kb6 Kd6 45. Kb7 Kd7 46. Be1 Nd4 47. Kb6 Kd6 48. Bc3 Nf5 49. Be1 Nd4 50. Bf2 Nf5 51. Ka5 Kc7 52. Ka4 Kd6 53. Kb3 Kd5 54. Kc3 Nd6 55. Kd3 Ne4 56. Be1 c5 57. bxc5 Nxc5+ 58. Ke3 Ne6 59. Bc3 Nc5 60. Kf3 Ne4 61. Bg7 Nd6 62. g4 hxg4+ 63. Kxg4 Ke6 64. Kg5 Kf7 65. Bd4 Nf5 66. Be5 Ng3 67. Bb2 Ne4+ 68. Kh6 Ng3 69. Kg5 Ne4+ 70. Kg4 Ke6 71. Be5 Kf7 72. Kf3 Nd2+ 73. Ke3 Nc4+ 74. Kd3 Nb6 75. Ke4 Ke6 76. Bc7 Nd7 77. Bd8 Nc5+ 78. Kd4 Nd7 79. Bg5 Kf5 80. Kd5 Nf6+ 81. Bxf6 Kxf6 82. Ke4 Ke6 83. Kf3 Kf5 84. Kg3 Ke6 85. Kf2 Kf6 86. Ke3 Kg7 87. Ke4 Kh6 88. Ke5 Kh5 89. Kf6 Kh6 90. Kf7 Kh7 91. Ke6 Kh6 92. Kf7 Kh7 93. Kf6 Kh6 94. Ke6 Kh5 95. Kf7 Kh6 1/2-1/2